| 000 | 01502nam a2200397 a 4500 | ||
|---|---|---|---|
| 001 | ebr10480616 | ||
| 003 | CaPaEBR | ||
| 006 | m u | ||
| 007 | cr cn||||||||| | ||
| 008 | 040323s2003 enkab sb 001 0deng d | ||
| 010 | _z 2004270297 | ||
| 020 | _z1860649262 | ||
| 020 | _z1860649459 (pbk.) | ||
| 020 | _z9781860649455 | ||
| 020 | _z9780857718747 (e-book) | ||
| 040 |
_aCaPaEBR _cCaPaEBR |
||
| 035 | _a(OCoLC)740435880 | ||
| 043 | _af-za--- | ||
| 050 | 1 | 4 |
_aDT3108 _b.S27 2003eb |
| 082 | 0 | 4 |
_a968.9404 _222 |
| 100 | 1 | _aSardanis, Andrew. | |
| 245 | 1 | 0 |
_aAfrica _h[electronic resource] : _banother side of the coin : Northern Rhodesia's final years and Zambia's nationhood / _cAndrew Sardanis. |
| 260 |
_aLondon ; _aNew York : _bI.B. Tauris, _c2003. |
||
| 300 |
_aix, 340 p. : _bill., map. |
||
| 504 | _aIncludes bibliographical references (p. 334) and index. | ||
| 533 |
_aElectronic reproduction. _bPalo Alto, Calif. : _cebrary, _d2013. _nAvailable via World Wide Web. _nAccess may be limited to ebrary affiliated libraries. |
||
| 600 | 1 | 0 | _aSardanis, Andrew. |
| 650 | 0 |
_aBusinessmen _zZambia. |
|
| 651 | 0 |
_aZambia _xHistory _y1953-1964. |
|
| 651 | 0 |
_aZambia _xHistory _y1924-1953. |
|
| 651 | 0 |
_aZambia _xHistory _y1964- |
|
| 651 | 0 |
_aZambia _xPolitics and government. |
|
| 655 | 7 |
_aElectronic books. _2local |
|
| 710 | 2 | _aebrary, Inc. | |
| 856 | 4 | 0 |
_uhttp://site.ebrary.com/lib/rucke/Doc?id=10480616 _zAn electronic book accessible through the World Wide Web; click to view |
| 999 |
_c221585 _d221585 |
||